Zwycięzcy najlepszych lig europejskich 24/25 - Statystyki

Ogólne statystyki
  • Ten quiz został rozwiązany 35 razy
  • Średni wynik to 7 z 7
Statystyki odpowiedzi
Liga Odpowiedz % Poprawnych
La Liga Barcelona
100%
Bundesliga Bayern
100%
Premier League Liverpool
100%
Ligue 1 PSG
100%
Liga Portugal Sporting
94%
Seria A Napoli
88%
Eredivisie PSV
82%
Nie znaleziono quizów pasujących do podanych kryteriów
Rozkład punktacji
Procent ludzi z każdym wynikiem
Percentyl według liczby udzielonych odpowiedzi
Twoja historia wyników
Nie rozwiązałeś tego quizu